000 00532nam a2200181Ia 4500
001 14136
005 20260306164852.0
008 260306t2015||||xx |||||||||||||| ||spa||
041 _aESP
082 _a507
_bS747
100 _aSistema Nacional de Evaluación, Acreditación y Certificación de la Calidad Educativa
_eAUT
245 0 _aDiez grandes ideas científicas:
_bmalla de compresiones y reflexiones
260 _c2015
300 _a66 páginas :
_c24 cm.
650 _aGEN
654 _aCCN
942 _cLIB
_dJUS
_fJUS
_2ddc
_n
999 _c14136
_d14136